| 000 | 00478nam a22001217a 4500 | ||
|---|---|---|---|
| 999 |
_c10187 _d10187 |
||
| 003 | OSt | ||
| 008 | 201218b ||||| |||| 00| 0 eng d | ||
| 245 | _aPacific Journal of Industrial and Production Engineering and Technology | ||
| 250 | _a2014(Jan-Jun Vol.2 No.1, Jul-Dec Vol.2 No.2) 2015(Jan-Jun Vol.3 No.1, Jul-Dec Vol.3 No.2) 2016(Jan-Jun Vol.4 No.1, Jul-Dec Vol.4 No.2) | ||
| 260 |
_aNew Delhi _bOcean Research Journals |
||
| 650 | _aMechanical engineering | ||
| 942 |
_2ddc _cBV |
||